| 000 | nam a22 7a 4500 | ||
|---|---|---|---|
| 999 |
_c330220 _d330220 |
||
| 003 | NUST | ||
| 005 | 20170614111349.0 | ||
| 008 | 170614b xxu||||| |||| 00| 0 eng d | ||
| 020 | _a8173193207 | ||
| 040 | _c0 | ||
| 082 | _a577.14 SOD | ||
| 100 |
_aSodhi,G.S _92646 |
||
| 245 |
_aFundamental Concepts Of Environmental Chemistry _cG.S.Sodhi |
||
| 260 |
_aNew Delhi _bNarosa publishing house _c2002 |
||
| 300 | _a465p. | ||
| 500 | _aP.B | ||
| 942 |
_2ddc _cBK _kIESE |
||